Profile: Central America Caribbean /

Salvato in:
Dettagli Bibliografici
Autore principale: Kawell, JoAnn
Natura: testo
Soggetti:
Tags: Aggiungi Tag
Nessun Tag, puoi essere il primo ad aggiungerne!!

MARC

LEADER 00000 a a2200000 04500
001 9970
003
040
100 |a Kawell, JoAnn  
245 |a Profile:   |b Central America Caribbean /  |c JoAnn Kawell 
650 |a TRAFICO DE DROGAS  
650 |a LAVADO DE DINERO  
650 |a DROGAS DE USO INDEBIDO  
773 |g volumen 36, número 2; páginas 16  
999 |c 39029  |d 39029